| 000 | 00533cam a2200169 i 4500 | ||
|---|---|---|---|
| 020 | _a0571107400 : | ||
| 082 | 0 | 0 |
_a355.21 _bKEN _cL-17, P-22 |
| 100 | 1 |
_aKennedy, Gavin. _948727 |
|
| 245 | 1 | 4 |
_aThe economics of defence / _cGavin Kennedy. |
| 260 |
_aLondon : _bFaber and Faber, _c1975. |
||
| 300 |
_a251 p. : _bill. ; _c22 cm. |
||
| 500 | _aIncludes index. | ||
| 526 |
_a0 _b0 _c0 _d355_210000000000000_KEN |
||
| 650 | 0 |
_aArmed Forces _xAppropriations and expenditures. _948728 |
|
| 650 | 0 |
_aDefense industries. _948729 |
|
| 942 |
_2ddc _cBK |
||
| 999 |
_c551581 _d551581 |
||